00704nam a2200241 a 4500001001300000003000900013005001700022008004100039020002500080082001300105100002100118245005100139260002300190300000900213500003500222505002400257650001400281700002100295902000800316942000700324952011400331999001700445nice12345678IN_TiNIC20260116014058.0050524s2002 lona grp 000 0 eng  a1843332 c877.700a133bKAR aKarcher, Stephen aI Chingb the Classic Chinese Oracle of Change aLondonbVegac2002 a805p aincludes index and biblioraphy2 aBibliography, Index aOccultism1 aKarcher, Stephen bSRS cBK 001040708StackRoom-aHMIbHMId2007-03-15g877.70l0o133 KARp020370r2007-03-15v877.70w2005-05-24yBK c13779d13779